U.S. State Capitol Buildings - Statistics

General Stats
  • This quiz has been taken 21 times
  • The average score is 28 of 50
Answer Stats
Picture Answer % Correct
Alaska
93%
Hawaii
93%
New Mexico
86%
Texas
86%
Wisconsin
86%
Delaware
79%
Louisiana
79%
North Dakota
79%
Oregon
79%
Arizona
71%
Connecticut
71%
Florida
71%
Massachusetts
71%
New York
71%
Vermont
71%
Virginia
71%
Nebraska
64%
Nevada
64%
Ohio
64%
Tennessee
64%
Alabama
57%
Iowa
57%
Maryland
57%
Minnesota
57%
Montana
57%
California
50%
Illinois
50%
Indiana
50%
New Jersey
50%
North Carolina
50%
South Carolina
50%
West Virginia
50%
Arkansas
43%
Colorado
43%
Michigan
43%
New Hampshire
43%
Pennsylvania
43%
Maine
36%
Mississippi
36%
Rhode Island
36%
South Dakota
36%
Washington
36%
Georgia
29%
Idaho
29%
Kansas
29%
Missouri
29%
Utah
29%
Wyoming
29%
Kentucky
21%
Oklahoma
21%
No matching quizzes found
Score Distribution
Percent of People with Each Score
Percentile by Number Answered
Your Score History
You have not taken this quiz